000 00618nam a22001811cc4500
001 a987674692+BandV
035 _aa987674692
008 170707s1988 gw |||| 000u ger d
020 _a3764618825
_93-7646-1882-5
245 0 4 _aDie Wehrmacht im Dritten Reich
_nBand V
_p1. Septemer 1939 bis 18. Dezember 1941
264 _aBoppard am Rhein :
_bBoldt,
_c1988
300 _aXIX, 412 S.
246 1 2 _aDie Wehrmacht im Dritten Reich : Aufbau, Gliederung, Recht, Verwaltung. 1. Septemer 1939 bis 18. Dezember 1941
_nBand V
773 0 8 _wa987674692
_qBandV
942 _cMG
040 _cRU-10907106
003 RU-10907106
999 _c45004
_d45004